Culture Générale - Série 1565 - Statistiques

Statistiques générales
  • Ce quiz a été pris 136 fois
  • Le résultat moyen est 5 sur 10
Statistiques - réponses
Question Réponse % Correct
Près de quelle capitale européenne vous trouverez-vous en atterrissant à l'aéroport Charles de Gaulle ? Paris
98%
Quel organe du corps humain se compose de lobes qualifiés de: frontal, pariétal, temporal et occipital ? cerveau
81%
Quel acarien, parasite des chiens et des chevaux en particulier, peut transmettre la maladie appelée "piroplasmose" ? tique
72%
En l'honneur de quel président américain, la capitale du Liberia, Monrovia, fut-elle nommée ainsi ? James Monroe
66%
De quelle couleur sont les cases "mot compte double", sur un plateau de Scrabble ? rose
65%
Complétez ce titre d'un film de Patrice Chéreau, avec Jean-Louis Trintignant : "Ceux qui m'aiment prendront le... train
64%
En 1991, à quel chanteur suisse doit-on le tube "Déjeuner en paix" ? Stephan Eicher
56%
Quel cycliste remporta l'édition 1990 du Tour de France ? Greg LeMond
13%
Quel acteur incarne Gilles Sagnac, chef de la brigade d'experts dans la série française "R.I.S Police scientifique", sur TF1 ? Philippe Caroit
8%
Quel est le véritable prénom de la danseuse et chorégraphe allemande Pina Bausch ? Philippine
3%
Aucun quiz correspondant
Distribution des résultats
% des personnes avec chaque résultat
Percentile par nombre de réponses
Votre historique - résultats
Vous n’avez pas pris ce quiz